| 000 | 01676cam a2200325 i 4500 | ||
|---|---|---|---|
| 003 | SA-RiAUC | ||
| 005 | 20241109105254.0 | ||
| 008 | 241101s2012 ku g b f000 0 ara c | ||
| 040 |
_aSA-MaMIU _bara _cSA-RiAUC _dKW-KwMAI _erda |
||
| 082 | 0 | 4 |
_a258 _qSA-RiAUC |
| 090 |
_a258 _bع ل ي |
||
| 100 | 1 |
_aعلي، محمد إبراهيم أحمد، _d1355-1430 هجري _eمؤلف. |
|
| 245 | 1 | 2 |
_aالمذهب عند الحنفية-المالكية-الشافعية-الحنابلة / _cتأليف محمد إبراهيم أحمد علي، علي بن محمد بن عبد العزيز الهندي الحنبلي ؛ اعتنى به تركي محمد حامد النصر. |
| 250 | _aالطبعة الأولى. | ||
| 264 | 1 |
_aالكويت : _bوزارة الأوقاف والشؤون الإسلامية، قطاع الشؤون الثقافية، _c2012 |
|
| 300 |
_aأ-ز، 398 صفحة ؛ _c24 سم. |
||
| 336 |
_aنص _btxt _2rdacontent _3كتاب |
||
| 337 |
_aبدون وسيط _bn _2rdamedia |
||
| 338 |
_aمجلد _bnc _2rdacarrier |
||
| 490 | 1 |
_aالوعي الإسلامي ؛ _v45 |
|
| 504 | _aيشتمل على إرجاعات ببليوجرافية. | ||
| 520 | 0 | _aالمذاهب الأربعة. | |
| 650 | 7 |
_aالفقه الإسلامي _xمذاهب _2aucsh |
|
| 700 | 1 |
_aالهندي، علي بن محمد بن عبد العزيز، _d1330-1419 هجري _eمؤلف. |
|
| 700 | 1 |
_aالنصر، تركي محمد حامد، _d1978- _eمراجع. |
|
| 830 | 2 |
_aالوعي الإسلامي (الكويت. وزارة الأوقاف والشؤون الإسلامية) _v45 |
|
| 856 | 4 | _uBooks/73 | |
| 942 |
_2ddc _cBOOK _n0 |
||
| 949 |
_aSA-JeALM _d241101 _umohamedma123 _n1 |
||
| 999 |
_c2203 _d2203 |
||